| 000 | 00830nam a2200241 i 4500 | ||
|---|---|---|---|
| 001 | 112885 | ||
| 003 | ES-MaACL | ||
| 005 | 20250814235732.0 | ||
| 007 | t| | ||
| 008 | 061121s1984 sp |||| | spa d | ||
| 245 | 0 | 3 |
_aLa nueva historia económica _b: lecturas seleccionadas / _ccompilación de P. Temin ; versión de María Esther Rabasco y Luis Toharia ; prólogo de Gabriel Tortella. |
| 260 |
_aMadrid : _bAlianza, _c1984. |
||
| 300 |
_a505 p. ; _c20 cm. |
||
| 490 | 1 |
_aAlianza universidad ; _v407 |
|
| 650 | 7 |
_aHistoria económica _2embne _913403 |
|
| 700 | 1 |
_aTemin, P. _9109668 |
|
| 700 | 1 |
_aRabasco, Esther. _994844 |
|
| 700 | 1 |
_aToharia, Luis. _9110425 |
|
| 700 | 1 |
_aTortella Casares, Gabriel. _9111078 |
|
| 830 | 0 |
_aAlianza universidad ; _v407 _9177276 |
|
| 852 |
_aES-MaACL _jL-7155 |
||
| 999 |
_c112885 _d112885 |
||